• 首页
  • 本馆介绍
  • 公告通知
  • 最新文献
  • 馆藏检索
  • 电子资源
  • 读者导购
  • 参考咨询
  • 我的图书馆
  • 登录
  • 详细信息显示
  • 放入我的书架
  • 预约/预借图书
  • 作者相关作品
  • 分类相关作品
  • 丛书相关作品
  • 出版社相关作品

书目信息

  • 表格格式
  • 工作单格式
  • 卡片格式
题名:
谚语歇后语概论
    
 
作者: 王勤 著
分册:  
出版信息: 长沙   湖南人民出版社  1980
页数: 193页
开本: 19cm
丛书名:
单 册:
中图分类: I207.7 , H136.3 , H136
科图分类:
主题词: 汉语-歇后语--概论 , 歇后语-汉语--概论 , 谚语-文学研究--中国 , 文学研究-谚语--中国 , 汉语--语义 , 汉语--语义学 , 汉语--词汇 , 训诂
电子资源:
ISBN:
000 00821nam0 2200325 45
001 1555598841
005 20150120152746.10
010    @dCNY0.51
091    @aCN@b9109.60
100    @a19960215d1980 em y0chiy0121 ea
101 0  @achi
102    @aCN@b430000
105    @ay z 000yy
200 10 @a谚语歇后语概论@Ayan yu xie hou yu gai lun@f王勤著
210    @a长沙@c湖南人民出版社@d1980
215    @a193页@d19cm
606    @a汉语-歇后语@x概论
606    @a歇后语-汉语@x概论
606    @a谚语-文学研究@y中国
606    @a文学研究-谚语@y中国
606 0  @a汉语@x语义
606 0  @a汉语@x语义学
606 0  @a汉语@x词汇
606 0  @a训诂
690    @aI207.7@v3
690    @aH136.3@v3
690    @aH136@v4
701  0 @a王勤@Awang qin@4著
801  0 @aCN@bTSSF@c20150120
905    @aZUCC@dH136@eJY28
    
    谚语歇后语概论/王勤著.-长沙:湖南人民出版社,1980
    193页;19cm
    
    
    ISBN :CNY0.51
    
●
相关链接 在E读中查询图书 在五车中查询图书 在当当中查询图书 在豆瓣中查询图书


正题名:谚语歇后语概论     索取号:H136/JY28         预约/预借

序号 登录号 条形码 馆藏地/架位号 状态 备注
1 7849707   278497075   学院路分馆/ [索取号:H136/JY28] 在馆    
2 7849708   278497084   学院路分馆/ [索取号:H136/JY28] 在馆    
3 7849709   278497093   学院路分馆/ [索取号:H136/JY28] 在馆    
欢迎您!
大连网信软件有限公司© 版权所有